Countries Visited by Joe Biden as President - Statistics

General Stats
  • This quiz has been taken 111 times
    49 since last reset
  • The average score is 9 of 12
Answer Stats
Countries % Correct
United Kingdom
100%
Italy
91%
Japan
86%
South Korea
84%
Spain
84%
Germany
80%
Belgium
75%
Poland
73%
Israel
68%
Switzerland
66%
Saudi Arabia
59%
Vatican City
45%
No matching quizzes found
Score Distribution
Percent of People with Each Score
Percentile by Number Answered
Your Score History
You have not taken this quiz since the last reset